La eutanasia ante la moral y el derecho

Saved in:
Bibliografiske detaljer
Hovedforfatter: Sánchez Jiménez, Enrique (Author)
Format: Bog
Sprog:spansk
Udgivet: Sevilla Universidad de Sevilla 1999
Serier:Derecho, 77
Fag:
Tags: Tilføj Tag
Ingen Tags, Vær først til at tagge denne postø!

MARC

LEADER 00000nam a2200000 a 4500
001 UCN1032
003 CL-VaPUC
008 010420e19990000SP |||||||||||||||||spa|d
082 0 4 |a 179.7  |b SAN  |2 21 
100 0 |a Sánchez Jiménez, Enrique  |e author  |9 456396 
245 1 3 |a La eutanasia ante la moral y el derecho 
300 |a 242 p 
942 |c BK 
945 |d 20010420 00:00:00  |a vberengu 
260 |a Sevilla  |b Universidad de Sevilla  |c 1999 
650 0 |a Derecho a la vida  |9 337220 
650 7 |a SUICIDIO ASISTIDO  |2 CL-VaPUC  |9 453984 
650 0 |a Muerte  |9 265114 
650 7 |a DISTANASIA  |2 CL-VaPUC  |9 453983 
650 7 |a ORTOTANASIA  |2 CL-VaPUC  |9 456397 
650 0 |a Ética médica  |9 312024 
651 0 |a Holanda  |9 267234 
583 |a last modification  |c 20010420 00:00:00  |k Rodrigo Vera 
490 0 |a Derecho, 77 
999 |c 294626  |d 294624 
952 |0 0  |1 0  |4 0  |6 179_700000000000000_SAN_1999  |7 0  |8 DER_TF  |9 347193  |a BIBDER  |b BIBDER  |d 2019-11-20  |i 3712567  |o 179.7 SAN 1999  |p 3712567  |r 2023-01-25  |w 2019-11-20  |x Ubicación 4to Piso  |y BK  |z Estos recursos deben solicitarse con anticipación  |k DER